| 000 | 00782nam a2200253 i 4500 | ||
|---|---|---|---|
| 001 | bg | ||
| 100 | 1 | _aSkrzyńska, Maria. | |
| 245 | 1 | 0 |
_aMały słownik techniczny angielsko-polski i polsko-angielski / _c[oprac. Maria Skrzyńska, Teresa Jaworska, Ewa Romkowska]. |
| 250 |
_aWyd. 3 _a[dodr.]. |
||
| 260 |
_aWarszawa : _bWydawnictwa Naukowo-Techniczne, _c1997. |
||
| 300 |
_a[12], 498, [2] s. ; _c21 cm. |
||
| 650 | 4 |
_aTechnika _xterminologia |
|
| 655 | 4 | _aSłowniki angielsko-polskie | |
| 655 | 4 | _aSłowniki polsko-angielskie | |
| 700 | 1 | _aJaworska, Teresa. | |
| 700 | 1 | _aRomkowska, Ewa. | |
| 020 | _a8320420970 | ||
| 040 | _cBPK | ||
| 041 | 0 | _aenpl | |
| 080 | _a62(038)=20=84 | ||
| 920 | _a83-204-2097-0 | ||
| 942 | _cKS | ||
| 008 | s pl f |000 0 pol | ||
| 999 |
_c31273 _d31273 |
||
| 856 |
_uhttp://koha.tu.koszalin.pl/cgi-bin/koha/opac-detail.pl?biblionumber=31273 _yKatalog online BPK |
||